000 00378nam a22001577a 4500
005 20180613145926.0
008 160525b xxu||||| |||| 00| 0 eng d
041 _aeng
082 _b4848
_a657
100 _aJain, D.P.
_91223
245 _aStay Ahead Accountancy
260 _aNew Delhi
_bAcademic Faundation
_c2003
300 _a147
650 _aManagement
_9241
942 _cBK
999 _c1677
_d1676